What psychotherapists should know about disability /

Presentation on disability issues given by Rhoda Olkin at the National Multicultural Conference and Summit II.

Bibliographic Details
Main Author: Olkin, Rhoda
Corporate Author: Microtraining Associates
Format: Video
Language:English
Published: Framingham, MA : Microtraining Associates, [2006?]
Series:Counseling and therapy in video.
Subjects:
Online Access:Connect to this streaming video (Alexander Street Press)

MARC

Tag First Indicator Second Indicator Subfields
LEADER 00000cgm a2200000Mi 4500
001 in00005531521
006 m o c
007 vz |z|zu|
007 cr |n|---||a|a
008 060209s2006 mau058 o vleng d
005 20241201225201.4
035 |a (OCoLC)ocn630575049 
040 |a ALSTP  |b eng  |e pn  |c ALSTP  |d OCLCQ  |d VMC  |d OCLCQ  |d OCLCO  |d OCLCQ  |d OCLCF  |d OCLCQ  |d HF9  |d OCLCQ  |d FVL  |d CRC  |d IAA  |d MNI  |d INT  |d OCLCQ  |d OCLCO  |d WYU  |d OCLCO  |d OCLCL 
019 |a 728056243  |a 750199394  |a 786172221 
035 |a (OCoLC)630575049  |z (OCoLC)728056243  |z (OCoLC)750199394  |z (OCoLC)786172221 
050 4 |a AE5  |b .A930 Internet 
050 4 |a RC451.4.H35  |b O455 2006 
049 |a TXAM 
100 1 |a Olkin, Rhoda. 
245 1 0 |a What psychotherapists should know about disability /  |c Rhoda Olkin. 
260 |a Framingham, MA :  |b Microtraining Associates,  |c [2006?] 
300 |a 1 online resource (1 streaming video file (58 min.)) :  |b sound, color 
336 |a two-dimensional moving image  |b tdi  |2 rdacontent 
337 |a computer  |b c  |2 rdamedia 
338 |a online resource  |b cr  |2 rdacarrier 
520 |a Presentation on disability issues given by Rhoda Olkin at the National Multicultural Conference and Summit II. 
588 0 |a Print version record. 
650 0 |a People with disabilities  |x Mental health. 
650 6 |a Personnes handicapées  |x Santé mentale. 
650 7 |a People with disabilities  |x Mental health.  |2 fast  |0 (OCoLC)fst01057306 
655 4 |a Video recordings. 
655 7 |a Video recordings.  |2 fast  |0 (OCoLC)fst01692913 
655 7 |a Video recordings.  |2 lcgft 
655 7 |a Vidéos.  |2 rvmgf 
710 2 |a Microtraining Associates. 
758 |i has work:  |a What psychotherapists should know about disability (MovingImage)  |1 https://id.oclc.org/worldcat/entity/E39PCGPrTg64G6HRky9kD6XKV3  |4 https://id.oclc.org/worldcat/ontology/hasWork 
830 0 |a Counseling and therapy in video. 
856 4 0 |u http://proxy.library.tamu.edu/login?url=https://www.aspresolver.com/aspresolver.asp?AVN2;1778890  |z Connect to this streaming video (Alexander Street Press)  |t 0 
955 |a Alexander Street Press subscription streaming video 
994 |a 92  |b TXA 
999 f f |s 546613af-da07-4ff5-bd78-10d0e109dfd2  |i 983d3462-7b99-4ecc-9d7f-9ec840eb7bd1  |t 0 
952 f f |a Texas A&M University  |b College Station  |c Electronic Resources  |d Available Online  |t 0  |e AE5RC451.4.H35 .A930 InternetO455 2006  |h Library of Congress classification 
998 f f |a AE5RC451.4.H35 .A930 InternetO455 2006  |t 0  |l Available Online